Indonesia handbook, 1974

Zapisane w:
Opis bibliograficzny
Korporacja: Indonesia. Departement of Information
Format: Książka
Język:Undetermined
Wydane: Djarkata Departement of information 1974
Hasła przedmiotowe:
Etykiety: Dodaj etykietę
Nie ma etykietki, Dołącz pierwszą etykiete!
Thư viện lưu trữ: Trung tâm Học liệu Trường Đại học Cần Thơ
LEADER 00488nam a2200181Ia 4500
001 CTU_90526
008 210402s9999 xx 000 0 und d
082 |a 910.3 
082 |b I.41 
110 |a Indonesia. Departement of Information 
245 0 |a Indonesia handbook, 1974 
260 |a Djarkata 
260 |b Departement of information 
260 |c 1974 
650 |a Handbook 
650 |z Indonesia 
904 |i Vương 
980 |a Trung tâm Học liệu Trường Đại học Cần Thơ